| 000 | 00502nam a22001577a 4500 | ||
|---|---|---|---|
| 003 | NUST | ||
| 082 | _a200 | ||
| 100 |
_aQasim, Hina _9125811 |
||
| 245 |
_aAutomatic Classification of Marine Vessels using Acoustic Data/ _cHina Qasim, |
||
| 264 |
_aIslamabad; _bSEECS NUST; _c2024 |
||
| 300 |
_a246,p; _bill; _c30,cm. |
||
| 650 |
_aMS-Information Technology _926924 |
||
| 700 |
_aSupervisor: Dr. Qaiser Riaz _996872 |
||
| 856 | _u http://10.250.8.41:8080/xmlui/handle/123456789/46440 | ||
| 942 |
_2ddc _cSC |
||
| 999 |
_c611492 _d611492 |
||